| Tag |
First Indicator |
Second Indicator |
Subfields |
| LEADER |
00000cam a2200000 a 4500 |
| 001 |
in00001639618 |
| 005 |
20151023084215.0 |
| 008 |
010524s2001 nyu b 000 1 eng |
| 010 |
|
|
|a 2001040151
|
| 020 |
|
|
|a 0312854935
|
| 035 |
|
|
|a (OCoLC)ocm47100872
|
| 040 |
|
|
|a DLC
|c DLC
|d C#P
|d UtOrBLW
|
| 043 |
|
|
|a e-fr---
|
| 049 |
|
|
|a TXAM
|
| 050 |
0 |
0 |
|a PS3554.O8237
|b C48 2001
|
| 082 |
0 |
0 |
|a 813/.54
|2 21
|
| 100 |
1 |
|
|a Douglas, Carole Nelson.
|
| 245 |
1 |
0 |
|a Chapel noir :
|b an Irene Adler novel /
|c Carole Nelson Douglas.
|
| 250 |
|
|
|a 1st ed.
|
| 264 |
|
1 |
|a New York :
|b Forge,
|c 2001.
|
| 300 |
|
|
|a 494 pages ;
|c 22 cm.
|
| 336 |
|
|
|a text
|b txt
|2 rdacontent
|
| 337 |
|
|
|a unmediated
|b n
|2 rdamedia
|
| 338 |
|
|
|a volume
|b nc
|2 rdacarrier
|
| 500 |
|
|
|a "A Tom Doherty Associates book."
|
| 504 |
|
|
|a Includes bibliographical references (pages [491]-492).
|
| 600 |
|
0 |
|a Adler, Irene
|c (Fictitious character)
|v Fiction.
|
| 650 |
|
0 |
|a Women detectives
|z France
|z Paris
|v Fiction.
|
| 651 |
|
0 |
|a Paris (France)
|v Fiction.
|
| 655 |
|
7 |
|a Historical fiction.
|2 gsafd
|
| 655 |
|
7 |
|a Mystery fiction.
|2 gsafd
|
| 994 |
|
|
|a E0
|b TXA
|
| 948 |
|
|
|a cataloged
|b h
|c 2001/11/27
|d c
|e ceaton
|f 1:03:29 pm
|
| 999 |
|
|
|a MARS
|
| 999 |
f |
f |
|s 7df66eb1-36c9-3142-b057-ebf76600bb2e
|i dc398628-6440-34b1-96f2-e3c649fc3df6
|t 0
|
| 952 |
f |
f |
|p ric
|a Texas A&M University
|b Rellis Campus
|c Joint Library Facility
|d Remote Storage
|t 0
|e PS3554.O8237 C48 2001
|h Library of Congress classification
|i unmediated -- volume
|m A14828343021
|
| 998 |
f |
f |
|a PS3554.O8237 C48 2001
|t 0
|l Remote Storage
|